| 000 | 00445nam a22001817a 4500 | ||
|---|---|---|---|
| 003 | NUST - PNEC | ||
| 005 | 20170116181153.0 | ||
| 008 | 151207b xxu||||| |||| 00| 0 eng d | ||
| 020 | _a- | ||
| 040 | _cLIBRARY | ||
| 082 | _a657.867 HOU | ||
| 100 |
_915608 _aHoughton, P. S |
||
| 245 |
_aWorkshop costs and costing. _c P. S,Houghton |
||
| 250 | _a- | ||
| 260 | _cc 1953 | ||
| 650 |
_915609 _aCosts, Industrial _xGeneral |
||
| 942 |
_2ddc _cBK |
||
| 999 |
_c71047 _d71047 |
||